000 00442nam a22001577a 4500
005 20251003101519.0
008 251003b |||||||| |||| 00| 0 eng d
020 _a9788175738188
_qpbk
041 _aeng
082 _a923.254
_bKIT
100 _aKitchlew, Saifuddin
245 _aThe Luminous Life Of Saifuddin Kitchlew
_cby Saifuddin Kitchlew
260 _aNoida, India
_bTiny Tot Publications
_c2010
300 _a95p.
942 _cENGLISH
999 _c590406
_d590406